100 melhores jogos segundo Metacritc - Statistics

Estatísticas Gerais
  • Esse quiz foi jogado 258 vezes
  • A pontuação média é 17 de 100
Estatísticas das Respostas
Desenvolvedor Ano Resposta % Correto
Rockstar 2013 Grand Theft Auto V
92%
Rockstar 2008 Grand Theft Auto IV
82%
Rockstar 2004 Grand Theft Auto: San Andreas
81%
Rockstar 2010 Red Dead Redemption
80%
Rockstar 2018 Red Dead Redemption 2
65%
Rockstar 2001 Grand Theft Auto III
64%
Santa Monica 2005 | 2018 God of War
61%
Rockstar 2002 Grand Theft Auto: Vice City
55%
Naughty Dog 2013 The Last of Us
55%
Santa Monica 2007 God of War II
45%
Santa Monica 2022 God of War: Ragnarok
45%
CAPCOM 2005 Resident Evil 4
44%
Naughty Dog 2020 The Last of Us Part II
43%
Nintendo 1998 The Legend of Zelda: Ocarina of Time
39%
FromSoftware 2022 Elden Ring
37%
Valve 1998 Half-Life
37%
Nintendo 2017 The Legend of Zelda: Breath of the Wild
33%
Naughty Dog 2009 Uncharted 2
32%
Bethesda 2011 The Elder Scrolls V: Skyrim
31%
Valve 2004 Half-Life 2
30%
Valve 2011 Portal 2
25%
Infinity Ward 2007 Call of Duty 4: Modern Warfare
21%
Irrational Games 2007 BioShock
20%
CAPCOM 2009 Street Fighter IV
20%
Bungie 2001 Halo: Combat Evolved
19%
Blizzard Entertainment 1996 Diablo
18%
Nintendo 2007 Super Mario Galaxy
18%
Nintendo 2000 The Legend of Zelda: Majora's Mask
17%
CAPCOM 2001 Devil May Cry
15%
Bethesda 2008 Fallout 3
15%
Bethesda 2006 The Elder Scrolls IV: Oblivion
15%
Rocksteady 2011 Batman: Arkham City
14%
Square Enix 2000 Final Fantasy IX
14%
Bungie 2004 Halo 2
14%
Bungie 2007 Halo 3
14%
Bandai Namco 1998 Tekken 3
14%
Nintendo 2023 The Legend of Zelda: Tears of the Kingdom
14%
PolyPhony Digital 1997 Gran Turismo
13%
Larian Studios 2000 Baldur's Gate II: Shadows of Amn
12%
Nintendo 2007 Super Mario Odyssey
12%
Team Asobi 2024 Astro Bot
11%
Infinity Ward 2009 Call of Duty: Modern Warfare 2
10%
Nintendo 2010 Super Mario Galaxy 2
10%
PolyPhony Digital 1999 Gran Turismo 2
9%
Konami 2001 Metal Gear Solid 2: Sons of Liberty
9%
Irrational Games 2013 BioShock Infinite
8%
PolyPhony Digital 2001 Gran Turismo 3: A-Spec
8%
Eletronic Arts 2010 Mass Effect 2
8%
Konami 2008 Metal Gear Solid 4: Guns of the Patriots
8%
Bandai Namco 1999 SoulCalibur
8%
Larian Studios 2023 Baldur's Gate III
7%
Epic Games 2006 Gears of War
7%
Valve 2020 Half-Life: Alyx
7%
Konami 2006 Metal Gear Solid 3: Subsistence
7%
Atlus 2012 Persona 4 Golden
7%
Atlus 2020 Persona 5 Royal
7%
Nintendo 2003 The Legend of Zelda: The Wind Waker
7%
Eletronic Arts 2003 Madeen NFL 2004
6%
Nintendo 2002 Metroid Prime
6%
CAPCOM 2000 Resident Evil Code: Veronica
6%
Nintendo 2006 The Legend of Zelda: Twilight Princess
6%
Rockstar 2009 Grand Theft Auto: Chinatown Wars
5%
Eletronic Arts 2002 Madden NFL 2003
5%
Rare 2000 Perfect Dark
5%
id Software 1996 Quake
5%
Ubisoft 2002 Tom Clancy's Splinter Cell
5%
Activision Blizzard 2001 Tony Hawk's Pro Skater 3
5%
Media Molecule 2009 LittleBigPlanet
4%
Eletronic Arts 2001 Madden NFL 2002
4%
Clover Studio 2006 Okami
4%
Blizzard Entertainment 2010 Starcraft II: Wings of Liberty
4%
BioWare 2003 Star Wars: Knights of the Old Republic
4%
Jonathan Blow (Indie) 2008 Braid
3%
SquareSoft 2000 Chrono Cross
3%
Eurocom 1997 GoldenEye 007
3%
id Software 2000 Quake III Arena
3%
Nintendo 2013 Super Mario 3D World
3%
Eletronic Arts 2004 Burnout 3: Takedown
2%
Larian Studios 2017 Divinity: Original Sin II
2%
LucasArts 1998 GrimFandango
2%
Team Ninja 2005 Ninja Gaiden Black
2%
Eletronic Arts 2000 SSX
2%
Eletronic Arts 2003 SSX 3
2%
Sora 2008 Super Smash Bros Brawl
2%
Activision Blizzard 2002 Tony Hawk's Pro Skater 4
2%
Relic Entertainment 2006 Company of Heroes
1%
Bay 12 Games 2006 Dwarf Fortress
1%
Relic Entertainment 1999 Homeworld
1%
SEGA 2000 NFL 2K1
1%
Bandai Namco 2010 Pac-Man Championship Edition DX
1%
MicroProse 1996 Sid Meier's Civilization II
1%
MicroProse 2005 Sid Meier's Civilization IV
1%
Nintendo 2003 Super Mario Advance 4
1%
NOVECT 2016 The House in Fata Morgana
1%
Ubisoft 2005 Tom Clancy's Splinter Cell: Chaos Theory
1%
Ubisoft 2004 Tom Clancy's Splinter Cell: Pandora Tomorrow
1%
Epic Games 2004 Unreal Tournament 2004
1%
SEGA 2002 Virtua Fighter 4
1%
Konami 1998 Metar Gear Solid
0%
Nenhum quiz correspondente encontrado
Distribuição das Pontuações
Porcentagem de Pessoas com Cada Pontuação
Percentil de Números Respondidos
Sua Pontuação Histórica
Você não jogou esse quiz